000 00616nam a22001577a 4500
003 NUST
038 _aNusrat Nadeem
082 _a200
100 _aKhan, Zahra Ameer
_9130655
245 _aExploring the Multilevel factors Influencing Women’s choices and utilization of Family Planning Services in Rawalpindi City, Pakistan: A Grounded Theory Approach/
_cZahra Ameer Khan,
264 _aIslamabad:
_bS3H NUST.
_c2025.
650 _aMS- Development Studies
_9123041
700 _aSupervisor: Dr. Tauqeer Hussain Shah
_9125297
856 _u http://10.250.8.41:8080/xmlui/handle/123456789/54900
942 _2ddc
_cSC
999 _c614833
_d614833